000 00428pab a2200169 454500
008 180718b2009 xxu||||| |||| 00| 0 eng d
100 _aSacratees, J.
245 _aEconomics of air pollution in Chennai city, India
260 _c2009
300 _ap.84-96.
362 _aJan-Jun
650 _aPollution
650 _aAir pollution
773 _aJournal of Social and Economic development
908 _aN
909 _a81970
999 _c81970
_d81970